[Event "IV Niterói Chess Open 2024"]
[Site "Rio de Janeiro"]
[Date "2024.08.30"]
[Round "4"]
[Board "9"]
[White "Casalaspro, Mathias Andre"]
[Black "Laba, Otavio De Souza"]
[Result "1-0"]
[WhiteElo "2199"]
[BlackElo "1918"]
[Annotator "Chessbase"]
[PlyCount "91"]
[EventDate "2024.08.28"]
[EventRounds "7"]
[EventCountry "BRA"]

1. e4 e5 2. Nf3 Nc6 3. Bb5 a6 4. Ba4 Bc5 5. c3 Nge7 6. d4 exd4 7. cxd4 Bb4+ 8. Bd2 Bxd2+ 9. Qxd2 d5 10. exd5 Nxd5 11. Bxc6+ bxc6 12. O-O O-O 13. Ne5 ({RR} 13. Nc3 Nxc3 14. Qxc3 Be6 15. Ne5 Bd5 16. Rac1 a5 17. Nxc6 Bxc6 18. Qxc6 Qxd4 19. Qc3 Qxc3 20. Rxc3 Rfb8 21. Rc2 a4 22. Rd1 h5 23. h4 Rb4 24. g3 Rab8 25. Rdd2 g6 26. Kg2 Kg7 27. a3 R4b7 {½-½ Nepomniachtchi,I (2770)-Nakamura,H (2802) chess.com SpeedChess 2024 (2.12)}) 13... Ne7 ({RR} 13... Qd6 14. Nc3 Bf5 15. Rfe1 f6 16. Nc4 Qd8 17. Na5 Qd7 18. Na4 Nb6 19. Nc5 Qd5 20. b3 Rfe8 21. Qc3 Qd6 22. Ncb7 Qf4 23. Qxc6 Be4 24. Qc3 Nd5 25. Qg3 Qd2 26. Nc4 Qxd4 27. Rad1 Bc2 28. Rc1 {½-½ Balmagambetov,T (2154)-Askarov,B (2280) FIDE World Rapid Team 2024 (10.27)}) 14. Nc3 c5 $146 ({RR} 14... f6 15. Nc4 Be6 16. Na5 Bf7 17. Rfe1 Qd7 18. Nb7 Ng6 19. Nc5 Qf5 20. Re4 Rfd8 21. Qe3 h5 22. Re1 a5 23. b3 Bd5 24. Nxd5 Rxd5 25. h3 h4 26. Ne6 Rd7 27. Qe2 Re8 28. Qc4 Qd5 29. Qxd5 {1-0 Kasimdzhanov,R (2667)-Van Foreest,J (2680) 1st Kasimdzhanov Masters 2023 (4.5)}) ({RR} 14... f6 15. Nc4 Be6 16. Na5 Qd7 17. Rfe1 Rfe8 18. h3 Nd5 19. Rac1 Bf7 20. Ne4 Re6 21. Nc5 Rxe1+ 22. Rxe1 Qd6 23. Nab7 Qf8 24. Na5 Qd6 25. Nab7 Qf8 26. a3 g5 27. Na5 Qd6 28. Nab7 Qf8 29. Na5 {1-0 Maksimovic,B (2486)-Indjic,A (2631) Titled Tue 29th Nov Early 2022 (6)}) 15. Nf3 cxd4 16. Qxd4 Qxd4 17. Nxd4 Rb8 18. Rfe1 Nf5 19. Nxf5 Bxf5 20. Nd5 Be6 21. Ne7+ Kh8 22. b3 Rfe8 23. Nc6 Rb6 24. Rac1 Bd7 25. Ne5 Rbe6 26. Nxf7+ Kg8 27. Rxe6 Rxe6 28. Ng5 Re2 29. h3 h6 30. Rxc7 hxg5 31. Rxd7 Rxa2 32. Rd5 Rb2 33. Rxg5 Rxb3 34. Rg6 Ra3 35. h4 Kf7 36. h5 a5 37. Ra6 a4 38. g4 Ke7 39. Kg2 Ra2 40. Kg3 Ra3+ 41. Kf4 Kf7 42. f3 Ra1 43. Kg5 a3 44. Ra7+ Kf8 45. Kg6 Rf1 46. Rxa3 1-0

[Event "IV Niterói Chess Open 2024"]
[Site "Rio de Janeiro"]
[Date "2024.08.30"]
[Round "4"]
[Board "55"]
[White "Serrao, Carlos Frederico Pacheco"]
[Black "Santana, Leandro Aurelio Da S"]
[Result "1-0"]
[WhiteElo "1509"]
[BlackElo "1845"]
[Annotator "Chessbase"]
[PlyCount "61"]
[EventDate "2024.08.28"]
[EventRounds "7"]
[EventCountry "BRA"]

1. e4 e5 2. Nf3 Nc6 3. Bb5 a6 4. Ba4 Nf6 5. O-O Bc5 6. c3 d6 7. Bxc6+ bxc6 8. d4 exd4 9. cxd4 Ba7 ({RR} 9... Bb6 10. Nc3 h6 11. h3 O-O 12. Re1 Re8 13. Bf4 Ba5 14. Qc2 d5 15. exd5 cxd5 16. a3 c6 17. Rxe8+ Qxe8 18. Re1 Be6 19. b4 Bb6 20. Na4 Ba7 21. Nc5 Bxc5 22. Qxc5 Ne4 23. Qb6 f6 24. Qb7 {0-1 Bilic,S (1633)-Adascalitei,A (1348) EU-ch U18 Girls 27th 2017 (3)}) 10. Nc3 $146 ({RR} 10. Qc2 Bd7 11. Bg5 h6 12. Bd2 O-O 13. h3 Qc8 14. e5 dxe5 15. dxe5 Nd5 16. Nc3 Bxh3 17. gxh3 Qxh3 18. Nh2 Qg3+ 19. Kh1 Bxf2 20. Ne4 Qxe5 21. Rxf2 Rfe8 22. Re1 Qd4 23. Rfe2 Re6 24. Nf3 Qb6 {½-½ Fuchs,R (1703)-Stoehr,C (1534) Berlin op 05 2006 (6)}) ({RR} 10. Bg5 h6 11. Bh4 g5 12. Bg3 O-O 13. Nc3 Re8 14. e5 Nh5 15. Qa4 Nxg3 16. hxg3 Bd7 17. Qc4 d5 18. Qd3 Bg4 19. Nh2 Bh5 20. f4 gxf4 21. gxf4 Qd7 22. Kh1 Re7 23. f5 f6 24. g4 Be8 {1-0 Matamoros,J (1715)-Escorcia Obando,C Managua Hurtado Memorial 16th 2016 (3)}) 10... h6 11. Re1 O-O 12. h3 Re8 13. e5 Nd5 14. Nxd5 cxd5 15. exd6 Rxe1+ 16. Qxe1 Qxd6 17. Qe8+ Kh7 18. Qxf7 Be6 19. Qh5 Rf8 20. Ng5+ Kg8 21. Nxe6 Qxe6 22. Qe5 Qf7 23. Be3 Bb8 24. Qg3 c6 25. Qg4 Qf6 26. Rc1 Qd6 27. g3 Kh8 28. a3 Bc7 29. Qe2 Qg6 30. Qc2 Bxg3 31. Qxg6 1-0

[Event "IV Niterói Chess Open 2024"]
[Site "Rio de Janeiro"]
[Date "2024.08.29"]
[Round "2"]
[Board "55"]
[White "Serrao, Carlos Frederico Pacheco"]
[Black "Mantelato, Davi Natali"]
[Result "0-1"]
[WhiteElo "1509"]
[BlackElo "1768"]
[Annotator "Chessbase"]
[PlyCount "80"]
[EventDate "2024.08.28"]
[EventRounds "7"]
[EventCountry "BRA"]

1. e4 e5 2. Nf3 Nc6 3. Bb5 a6 4. Ba4 Nf6 5. O-O d6 6. Re1 Bg4 7. c3 b5 ({RR} 7... Nd7 8. h3 Bxf3 9. Qxf3 g6 10. d4 Bg7 11. dxe5 Ncxe5 12. Qg3 Bf6 13. Nd2 h5 14. Nf3 h4 15. Qf4 c6 16. Qe3 Nxf3+ 17. Qxf3 Bg5 18. Qd1 Bxc1 19. Rxc1 Qf6 20. b4 Ne5 21. c4 g5 22. b5 {0-1 Bjerre,J (2569)-Demchenko,A (2651) FIDE Grand Swiss 2021 (2)}) 8. Bc2 d5 ({RR} 8... Be7 9. d4 O-O 10. Be3 d5 11. Nbd2 dxe4 12. Nxe4 Qd5 13. dxe5 Qxd1 14. Nxf6+ gxf6 15. Raxd1 Nxe5 16. Be4 Rac8 17. h3 Bxf3 18. gxf3 Rcd8 19. f4 Nc4 20. b3 Nxe3 21. fxe3 Bc5 22. Rxd8 Rxd8 23. Kf2 {½-½ Onikidal,D-Akbiyik,F Open ch-MKD 2023 (8.36)}) 9. exd5 $146 ({RR} 9. h3 Bh5 10. g4 Bg6 11. exd5 Bxc2 12. Qxc2 Qxd5 13. Qf5 Bd6 14. d4 e4 15. Qxd5 Nxd5 16. Rxe4+ Nce7 17. Nbd2 O-O 18. Nb3 Rae8 19. Bd2 f5 20. gxf5 Rxf5 21. Ne5 Ref8 22. Rf1 g5 23. Nd7 R8f7 {1-0 Olier,A (1750)-Lever,P (1499) Hennebont Grand Prix 2006 (1)}) 9... Qxd5 10. Bb3 Qd6 11. d3 O-O-O 12. Bc2 e4 13. dxe4 Qxd1 14. Bxd1 Nxe4 15. h3 Bh5 16. Be3 Bc5 17. Bxc5 Nxc5 18. Bc2 Bxf3 19. gxf3 Nd3 20. Bxd3 Rxd3 21. Kg2 Rhd8 22. Na3 b4 23. cxb4 Nxb4 24. Re7 R8d7 25. Rae1 Nxa2 26. Rxd7 Kxd7 27. Nc4 f6 28. Ra1 Nb4 29. Ra4 Rb3 30. Ra3 Rxa3 31. bxa3 Nc2 32. a4 Kc6 33. Kf1 Kc5 34. Nb2 Nd4 35. f4 Kb4 36. Ke1 Kb3 37. Nd3 Kxa4 38. Kd2 Kb5 39. Kc3 c5 40. Nb2 Ne2+ 0-1

[Event "IV Niterói Chess Open 2024"]
[Site "Rio de Janeiro"]
[Date "2024.08.31"]
[Round "5"]
[Board "10"]
[White "Terao, Juliana Sayumi"]
[Black "Oliveira, Tiago Batista"]
[Result "1-0"]
[WhiteElo "2161"]
[BlackElo "1982"]
[Annotator "Chessbase"]
[PlyCount "49"]
[EventDate "2024.08.28"]
[EventRounds "7"]
[EventCountry "BRA"]

1. e4 e5 2. Nf3 Nc6 3. Bb5 a6 4. Ba4 Nf6 5. Qe2 Be7 6. c3 b5 7. Bb3 Bb7 8. O-O O-O 9. d4 d6 10. Rd1 Qc8 11. Nbd2 h6 ({RR} 11... Nd7 12. Nf1 Bf6 13. Ng3 Na5 14. Bc2 g6 15. Bh6 Re8 16. d5 c6 17. dxc6 Qxc6 18. Ng5 Bg7 19. Bxg7 Kxg7 20. Rd3 Nf6 21. Rad1 Rad8 22. Bb3 Nc4 23. Bxc4 bxc4 24. R3d2 h6 25. Nf3 d5 26. exd5 {½-½ Vallejo Pons,F (2707)-Inarkiev,E (2689) Wch Blitz Riadh 2017 (17)}) ({RR} 11... Nd7 12. Nf1 Na5 13. Bc2 c5 14. Ng3 Re8 15. dxc5 Nxc5 16. b4 Ne6 17. bxa5 Qxc3 18. Rb1 Qxa5 19. Bb3 Nc5 20. Nf5 Bf8 21. Bxf7+ Kxf7 22. Ng5+ Kg8 23. Qh5 h6 24. Nxh6+ Kh8 25. Nhf7+ Kg8 26. Qh8# {1-0 Sevian,S (2697)-Dobrikov,M (2248) Titled Tue 6th Feb Late 2024 (2)}) 12. d5 Nb8 13. a4 $146 ({RR} 13. Nf1 Nbd7 14. Ng3 Re8 15. h3 Bf8 16. Nh2 Nc5 17. Bc2 c6 18. dxc6 Bxc6 19. Ng4 Nxg4 20. hxg4 Ne6 21. Bb3 a5 22. Nf5 Qc7 23. a3 a4 24. Ba2 Nc5 25. f3 Rad8 26. g5 hxg5 27. Bxg5 Rd7 {1-0 Mogranzini,R (2172)-Naumkin,I (2401) Assisi op 2003 (6)}) 13... c6 14. c4 bxc4 15. Nxc4 Nbd7 16. Nh4 Re8 17. Nf5 Qb8 18. dxc6 Bxc6 19. Bc2 Nc5 20. Ncxd6 Bxd6 21. Rxd6 Re6 22. Rxc6 Rxc6 23. Ne7+ Kf8 24. Nxc6 Qd6 25. Na5 1-0

[Event "IV Niterói Chess Open 2024"]
[Site "Rio de Janeiro"]
[Date "2024.08.31"]
[Round "6"]
[White "Bessa, Isabela Moreira"]
[Black "Firmo, Zaihr Goncalves"]
[Result "1-0"]
[WhiteElo "1800"]
[BlackElo "1670"]
[Annotator "Chessbase"]
[PlyCount "73"]
[EventDate "2024.08.28"]
[EventRounds "7"]
[EventCountry "BRA"]

1. e4 e5 2. Nf3 Nc6 3. Bb5 Nf6 4. O-O d6 5. Re1 Bd7 6. c3 a6 7. Ba4 b5 8. Bc2 Be7 9. h3 O-O 10. d4 Re8 11. Nbd2 Bf8 12. Nf1 h6 $146 ({RR} 12... g6 13. a4 Bg7 14. Bg5 h6 15. axb5 axb5 16. Rxa8 Qxa8 17. dxe5 hxg5 18. exf6 Bxf6 19. Ne3 Ne5 20. Nd5 Bd8 21. Nh2 Qa2 22. Bb3 Qxb2 23. Re2 Qa3 24. Ra2 Qc5 25. Ra8 Kg7 26. Nf3 Nc4 {0-1 Zhao,D (2231)-He,T (2088) CHN-chT (Women) 2001 (7)}) ({RR} 12... g6 13. Ng3 Bg7 14. Bd2 Rb8 15. Qc1 a5 16. a3 a4 17. dxe5 Nxe5 18. Nxe5 dxe5 19. Bg5 Be6 20. Qe3 Qd6 21. Rad1 Qc6 22. Ne2 Nd7 23. Nc1 Nb6 24. Nd3 f6 25. Bh6 Nc4 26. Qc1 Qb6 27. Bb1 {½-½ Svanda,O (2414)-Haring,F (2486) Ceske Budejovice GMA 2024 (5.2)}) ({RR} 12... Na5 13. Bg5 Nc4 14. b3 Nb6 15. Ng3 h6 16. Be3 c5 17. Qd2 Qc7 18. d5 a5 19. Nh4 a4 20. Nhf5 Kh7 21. f4 g6 22. fxe5 Ng8 23. Nxd6 Bxd6 24. exd6 Qxd6 25. Bf4 {1-0 McKenzie,P-Shadick,P Olympiad-31 Moscow 1994 (4.4)}) 13. Ng3 Bc8 14. d5 Ne7 15. Be3 c6 16. dxc6 Nxc6 17. Bd2 Bb7 18. b4 d5 19. Qc1 Qd7 20. Nh4 g5 21. Nhf5 Rad8 22. Bxg5 hxg5 23. Qxg5+ Kh7 24. Qxf6 Re6 25. Qh4+ Bh6 26. Rad1 d4 27. cxd4 Nxd4 28. Nxd4 exd4 29. Nf5 Qc6 30. Qxd8 Rf6 31. Nxh6 Rxh6 32. Bd3 f5 33. f3 Rg6 34. Rc1 Qe6 35. Rc7+ Kh6 36. Rxb7 Qxa2 37. Qh4# 1-0

[Event "IV Niterói Chess Open 2024"]
[Site "Rio de Janeiro"]
[Date "2024.08.30"]
[Round "4"]
[Board "3"]
[White "Do Valle Cardoso, Lucas"]
[Black "Terao, Juliana Sayumi"]
[Result "1-0"]
[WhiteElo "2365"]
[BlackElo "2161"]
[Annotator "Chessbase"]
[PlyCount "81"]
[EventDate "2024.08.28"]
[EventRounds "7"]
[EventCountry "BRA"]

1. e4 e5 2. Nf3 Nc6 3. Bb5 a6 4. Ba4 Nf6 5. O-O Be7 6. Re1 b5 7. Bb3 O-O 8. h3 d6 9. c3 Na5 10. Bc2 c5 11. d4 cxd4 12. cxd4 Nc6 13. Nc3 Bb7 14. d5 ({RR} 14. Be3 Rc8 15. Rc1 Nxd4 16. Nxd4 exd4 17. Bxd4 d5 18. e5 Ne4 19. Qf3 f5 20. exf6 Bxf6 21. Bxf6 Rxf6 22. Qd3 Qb6 23. Nxe4 dxe4 24. Bb3+ Kh8 25. Rxc8+ Bxc8 26. Qe3 Qxe3 27. Rxe3 Bb7 28. f3 Rf5 {1-0 Shandrygin,N (2209)-Deveci,H (2250) Titled Tue 26th Mar Early 2024 (1)}) 14... Nb8 15. Bd2 $146 ({RR} 15. Ne2 Nbd7 16. Ng3 g6 17. Bh6 Re8 18. Qd2 a5 19. Be3 Qb8 20. Bd3 b4 21. a3 Nc5 22. Bxc5 dxc5 23. Nf1 Nd7 24. Ne3 Nb6 25. Nc4 Nxc4 26. Bxc4 Bf8 27. Qe3 Qd6 28. Rac1 Bc8 29. Bb5 Bd7 {½-½ Schnider,G (2423)-Dietmayer Kraeutler,M (2342) AUT-chT2M 1920 2019 (7.4)}) ({RR} 15. b4 Nbd7 16. a4 Qc7 17. Bd2 bxa4 18. Nxa4 Rfc8 19. Bd3 Nb6 20. Nxb6 Qxb6 21. Qe2 Bd8 22. Ra2 Qa7 23. Rea1 a5 24. Be3 Qb8 25. bxa5 Bxd5 26. Rb2 Qc7 27. exd5 e4 28. Bxe4 Nxe4 29. Bb6 Qe7 {1-0 Shirov,A (2643)-Gemy Vargas,J (2401) Arica op 5th 2018 (3)}) ({RR} 15. Be3 Nbd7 16. Ne2 Re8 17. Ng3 g6 18. Qd2 Bf8 19. Bh6 Qe7 20. Nh4 Rec8 21. Ngf5 Qd8 22. Bxf8 Qxf8 23. Nh6+ Kh8 24. Rac1 Rc7 25. Nf3 Nb6 26. Qa5 Qxh6 27. Qxb6 Ne8 28. Red1 Rac8 29. Ne1 Qf4 {½-½ Ratnapriya,K (1516)-Keshav,P (1272) Mumbai Wealth op U13 4th 2018 (7)}) ({RR} 15. b4 Nbd7 16. a4 Qc7 17. Bd2 bxa4 18. Nxa4 Rfc8 19. Bd3 h6 20. Qe2 Qd8 21. Be3 Bf8 22. Nd2 Rcb8 23. Nc4 Nxd5 24. exd5 Bxd5 25. Nc3 Nf6 26. Nb6 Bxg2 27. Kxg2 Rxb6 28. Bxb6 Qxb6 29. Qf3 Ra7 {1-0 Negi,P (2651)-Dimakiling,O (2384) Asian Continental op 12th 2013 (1)}) 15... Nbd7 16. b4 Nb6 17. a4 bxa4 18. Nxa4 Bc8 19. Bd3 Ne8 20. Nxb6 Qxb6 21. b5 Nc7 22. Ba5 Qb7 23. Bxc7 Qxc7 24. bxa6 Qa7 25. Nd2 Bh4 26. Qf3 g6 27. Qe3 Qe7 28. Nf3 Bf6 29. a7 Bg7 30. Reb1 f5 31. Rb8 Bb7 32. Rb1 Bxd5 33. exd5 Rxa7 34. Rxf8+ Bxf8 35. Bf1 Ra2 36. Qb3 Qa7 37. Qb6 Qxb6 38. Rxb6 Ra1 39. Rb7 Bg7 40. Rb8+ Kf7 41. Ng5+ 1-0

[Event "IV Niterói Chess Open 2024"]
[Site "Rio de Janeiro"]
[Date "2024.09.01"]
[Round "7"]
[Board "24"]
[White "De Moura Silva, Guilherme"]
[Black "Mattos, Bernardo Cunha"]
[Result "1-0"]
[WhiteElo "1916"]
[BlackElo "1719"]
[Annotator "Chessbase"]
[PlyCount "74"]
[EventDate "2024.08.28"]
[EventRounds "7"]
[EventCountry "BRA"]

1. d4 d5 2. Nc3 Nf6 3. Bf4 c5 4. e4 dxe4 5. dxc5 Qxd1+ 6. Rxd1 Bd7 7. f3 Nc6 8. Nxe4 Nxe4 9. fxe4 e5 10. Bg3 $146 ({RR} 10. Be3 Nd4 11. Bxd4 exd4 12. Rxd4 Bxc5 13. Rd2 O-O-O 14. Bc4 Rhe8 15. Bxf7 Rxe4+ 16. Re2 Bg4 17. Nf3 Bxf3 18. gxf3 Red4 19. Kf1 Rd2 20. Bc4 Rd1+ 21. Kg2 Rxh1 22. Kxh1 Rd1+ 23. Kg2 Rg1+ 24. Kh3 Bd4 {1-0 Rozman,L (2334)-Singh,H (2073) New York Spring IM-C 2022 (1)}) 10... Nb4 11. Bd3 Nxd3+ 12. cxd3 Rc8 13. Rc1 Bb5 14. Ke2 Rd8 15. Rc3 f5 16. Nf3 fxe4 17. Nxe5 Rd5 18. a4 exd3+ 19. Nxd3 Bxd3+ 20. Rxd3 Rxd3 21. Kxd3 Kd7 22. Kc4 Be7 23. Rd1+ Kc8 24. Be5 Bf6 25. Bxf6 gxf6 26. Rf1 Rf8 27. Rf5 Kd7 28. Kd5 Ke7 29. Rf3 Rf7 30. b4 Kd7 31. b5 a6 32. bxa6 bxa6 33. c6+ Kc7 34. g4 Re7 35. a5 Rg7 36. h3 Re7 37. Kc5 Rf7 1-0

[Event "IV Niterói Chess Open 2024"]
[Site "Rio de Janeiro"]
[Date "2024.08.29"]
[Round "2"]
[Board "40"]
[White "Brito, Vicente De Paulo Alencar"]
[Black "Ishida, Leopoldo Tetsuo"]
[Result "1-0"]
[WhiteElo "1865"]
[BlackElo "1688"]
[Annotator "Chessbase"]
[PlyCount "47"]
[EventDate "2024.08.28"]
[EventRounds "7"]
[EventCountry "BRA"]

1. d4 c6 2. Nc3 d5 3. Bf4 Bf5 4. e3 e6 5. f3 Nf6 6. g4 Bg6 7. h4 h5 8. g5 Nfd7 9. Bd3 Bxd3 10. Qxd3 g6 11. e4 a6 $146 ({RR} 11... Nb6 12. O-O-O Bd6 13. Nge2 Nc4 14. Rhe1 Qb6 15. Na4 Qa6 16. b3 Ba3+ 17. Kb1 b5 18. Nac3 Nb2 19. Qe3 Nxd1 20. Rxd1 O-O 21. Ng3 Nd7 22. Be5 Nxe5 23. dxe5 Qb6 24. Qf4 Be7 25. Nce2 Kg7 26. Qc1 {0-1 Salman,P (2287)-Kula,R (2284) Titled Tue 15th Nov Early 2022 (3)}) ({RR} 11... Bg7 12. exd5 exd5 13. Bd6 Nf8 14. Bxf8 Kxf8 15. O-O-O Na6 16. a3 Qd7 17. Nge2 Nc7 18. f4 Re8 19. Rdf1 Qf5 20. Qxf5 gxf5 21. Ng3 Bxd4 22. Nd1 Ne6 23. Nxf5 Kg8 24. Ng3 Bb6 25. f5 Nd4 26. Re1 {1-0 Fiorito,F (2356)-Manukian,A (2196) Titled Tuesday intern op 26th Apr Early blitz 2022 (7)}) 12. O-O-O Bb4 13. Nce2 Qa5 14. Kb1 Nb6 15. Be5 O-O 16. exd5 cxd5 17. Nf4 Kh7 18. Nxh5 N8d7 19. Nf6+ Nxf6 20. Bxf6 Nd7 21. h5 Nxf6 22. gxf6 Rh8 23. hxg6+ Kg8 24. Ne2 1-0

[Event "IV Niterói Chess Open 2024"]
[Site "Rio de Janeiro"]
[Date "2024.08.29"]
[Round "3"]
[Board "62"]
[White "Pfitzner, Paulo Henrique"]
[Black "Vargas, Victor Da Silva"]
[Result "0-1"]
[WhiteElo "1705"]
[BlackElo "1684"]
[Annotator "Chessbase"]
[PlyCount "84"]
[EventDate "2024.08.28"]
[EventRounds "7"]
[EventCountry "BRA"]

1. d4 Nf6 2. Nf3 d5 3. Nc3 c6 4. e3 Bg4 5. Be2 e6 6. Ne5 ({RR} 6. h3 Bf5 7. O-O Be7 8. g4 Bg6 9. a4 O-O 10. Bd3 Nbd7 11. Bxg6 fxg6 12. Qd3 Bb4 13. Bd2 Bxc3 14. Bxc3 Nxg4 15. hxg4 Rxf3 16. Qe2 Rh3 17. Qe1 Qg5 18. Bd2 Qxg4# {0-1 Cechavicius,A-Sosunov,N Klaipeda Sea op-B 19th 2022 (6)}) 6... Bxe2 7. Qxe2 Nbd7 8. Bd2 c5 $146 ({RR} 8... Bd6 9. f4 Rc8 10. Rf1 c5 11. O-O-O cxd4 12. exd4 Qb6 13. Qd3 a6 14. Na4 Qd8 15. Nxd7 Nxd7 16. Ba5 Qxa5 17. Qb3 Bb4 18. a3 Be7 19. Nc3 O-O {0-1 Souza,C (1798)-Nonato Veras da Silva,R (1922) Petrolina Cordioli Memorial op 2007 (2)}) 9. Nxd7 Qxd7 10. Qb5 c4 11. Qxd7+ Kxd7 12. O-O Bd6 13. h3 Rag8 14. Nb5 Bb8 15. b3 Ne4 16. Bb4 a6 17. Nc3 Nxc3 18. Bxc3 cxb3 19. cxb3 h5 20. Rfe1 h4 21. e4 Bd6 22. exd5 exd5 23. Re2 g5 24. a3 g4 25. hxg4 Rxg4 26. Bb4 Bxb4 27. axb4 Rxd4 28. Rae1 Rh7 29. Re7+ Kc6 30. Rc1+ Kb6 31. Rcc7 Rxb4 32. Rxb7+ Ka5 33. Rxb4 Kxb4 34. Rb7+ Kc5 35. Kf1 Rh6 36. Rxf7 Re6 37. Rc7+ Kd4 38. Rh7 Kc3 39. Rxh4 d4 40. Rh3+ d3 41. Re3 Rxe3 42. fxe3 Kc2 0-1

[Event "IV Niterói Chess Open 2024"]
[Site "Rio de Janeiro"]
[Date "2024.08.28"]
[Round "1"]
[Board "42"]
[White "Firmo, Zaihr Goncalves"]
[Black "Dias, Matheus Braga"]
[Result "0-1"]
[WhiteElo "1670"]
[BlackElo "1953"]
[Annotator "Chessbase"]
[PlyCount "40"]
[EventDate "2024.08.28"]
[EventRounds "7"]
[EventCountry "BRA"]

1. d4 {Stohl,Igor} ({RR} 1. Nf3 c5 2. g3 g6 3. Bg2 Bg7 4. d4 cxd4 5. Nxd4 Qb6 6. Nf3 Nc6 7. O-O d6 8. e4 Nf6 9. h3 Qc7 10. Nc3 Bd7 11. Re1 O-O 12. Nd5 Qc8 13. Kh2 Re8 14. c3 Ne5 15. Bg5 Nxd5) 1... Nf6 2. Nf3 g6 3. Bf4 Bg7 4. Nc3 d5 5. g3 O-O 6. Bg2 c6 7. O-O Nh5 ({RR} 7... Bf5 8. Qd2 Qc8 ({RR} 8... Ne4 9. Nxe4 Bxe4 10. Qb4 Qc8 ({RR} 10... b6 11. c4) 11. Qxe7 Bxc2) ({RR} 8... Nbd7 9. Nh4 Be6 10. e4) 9. Rfe1 Na6 ({RR} 9... Ne4) 10. Rac1 Re8 11. Bh6 Bh8 ({RR} 11... Ne4 12. Nxe4 Bxe4 13. c4 Nc7) 12. Ne5 Nd7 13. f4 f6 14. Nd3 Nc7 ({RR} 14... e5 15. dxe5 fxe5 16. e4) 15. Nf2 Nb6 ({RR} 15... e5 16. dxe5 fxe5 17. e4) 16. e4 Be6 17. b3 Qd7 ({RR} 17... Bf7) 18. Nd3 Bf7 19. Nc5 Qc8 20. Rcd1 Nd7 21. Bh3 e6 22. Nd3 {1-0 Miles,A (2600)-Izeta Txabarri,F (2495) Benasque 1995 (6)} {RR} Bg7 23. Bxg7 Kxg7 24. e5 f5 25. Ne2) ({RR} 7... Ne4 8. Nxe4 dxe4 9. Ne5 f6 10. Nc4 f5 11. Be5) ({RR} 7... a5 8. Qd2 a4 9. Rad1 Nbd7 10. Ne5 Nxe5 11. dxe5 Ng4 12. e4 d4 13. Ne2 c5 14. c3 Nxe5 15. cxd4 cxd4 16. Nxd4 Bg4 17. f3 Qb6 18. fxg4 Rad8 19. Be3 Nc4 20. Nf5 gxf5 21. Bxb6 Rxd2 22. Rxd2 {0-1 Sipila,V (2436)-Dvirnyy,D (2521) Titled Tue 25th Jul Early 2023 (11)}) 8. Be3 Nd7 $146 ({RR} 8... f6 9. Qc1 e5 10. Nd2 Na6 11. Nb3 Be6 12. f3 Qc7 13. Bf2 Rad8 14. e4 dxe4 15. Nxe4 Bxb3 16. axb3 exd4 17. Re1 f5 18. Ng5 Bh6 19. Bf1 Nb4 20. Bc4+ Kh8 21. Rxa7 Nxc2 22. Rd1 c5 23. Ne6 {½-½ Vucenovic,D (2266)-Gruzmann,B (2222) EU-ch Seniors 65 14th 2014 (9)}) 9. Qd3 f5 10. Ng5 Ndf6 11. Rfe1 Ng4 12. h3 Nxe3 13. Qxe3 e5 14. Nf3 e4 15. Nd2 f4 16. gxf4 Bh6 17. Ncb1 Nxf4 18. Qb3 Qg5 19. Qg3 Nxh3+ 20. Bxh3 Bxh3 0-1

[Event "IV Niterói Chess Open 2024"]
[Site "Rio de Janeiro"]
[Date "2024.08.29"]
[Round "2"]
[Board "26"]
[White "Dos Santos Junior, Haroldo Cunha"]
[Black "Pontes, Luiz Felizola Lima"]
[Result "1-0"]
[WhiteElo "2040"]
[BlackElo "1777"]
[Annotator "Chessbase"]
[PlyCount "47"]
[EventDate "2024.08.28"]
[EventRounds "7"]
[EventCountry "BRA"]

1. d4 d5 2. Nf3 Nf6 3. Bf4 e6 4. e3 c5 5. c3 Nc6 6. Nbd2 cxd4 7. exd4 Nh5 8. Be5 f6 9. Bg3 Nxg3 10. hxg3 g6 11. Bd3 Bg7 12. Rxh7 ({RR} 12. Qe2 O-O 13. O-O e5 14. Bc2 e4 15. Nh2 f5 16. Bb3 Be6 17. f4 h5 18. Rf2 h4 19. g4 fxg4 20. Nxg4 Bxg4 21. Qxg4 e3 22. Qe6+ Kh7 23. Qxe3 Qd6 24. Nf3 Rae8 25. Ne5 Ne7 26. Qf3 Bh6 {1-0 Siedlinski,P (2030)-Janeczko,J (2255) 100th Ann. Silesian Chess 2024 (11.34)}) 12... Rxh7 $146 ({RR} 12... f5 13. Rxg7 Qf6 14. Rc7 Kd8 15. Rxc6 bxc6 16. Ne5 Rh1+ 17. Bf1 Ba6 18. Qa4 Bxf1 19. Nxf1 f4 20. Qxc6 Rh7 21. Qxa8+ Ke7 22. Qb7+ Kf8 23. Qxh7 {1-0 Sesia,N (1822)-Navrotescu,A (2284) FRA-ch Blitz Online Qual 2020 (10)}) ({RR} 12... f5 13. Rxg7 Rh1+ 14. Nf1 Qf6 15. Rc7 Kd8 16. Rxc6 {1-0 Buraczewski,R (2221)-Sliwerski,R (2011) Suwalki Warakomska Memorial-A op 2018 (6)}) 13. Bxg6+ Kf8 14. Bxh7 e5 15. Nh4 exd4 16. Ng6+ Kf7 17. Qh5 dxc3 18. bxc3 Ke6 19. Nf4+ Kd7 20. Ne4 Kc7 21. Rd1 Bd7 22. Qf7 Qe8 23. Nxd5+ Kb8 24. Qxg7 1-0

[Event "IV Niterói Chess Open 2024"]
[Site "Rio de Janeiro"]
[Date "2024.09.01"]
[Round "7"]
[Board "12"]
[White "Dos Santos Junior, Haroldo Cunha"]
[Black "Silva, Juliana Figueira Theophilo"]
[Result "1/2-1/2"]
[WhiteElo "2040"]
[BlackElo "1859"]
[Annotator "Chessbase"]
[PlyCount "109"]
[EventDate "2024.08.28"]
[EventRounds "7"]
[EventCountry "BRA"]

1. d4 {Nielsen,Peter Heine} Nf6 2. Nf3 e6 3. Bf4 c5 4. e3 Nc6 5. c3 d5 6. Nbd2 Be7 ({RR} 6... Bd6 7. Bg3 O-O 8. Bb5) 7. h3 O-O 8. Bd3 b6 9. O-O Bb7 10. Qe2 cxd4 ({RR} 10... Bd6 11. Rfe1 Ne7 ({RR} 11... Bxf4 12. exf4 cxd4 13. Nxd4 Nxd4 14. cxd4) 12. Rad1 Ng6 13. Bxg6 hxg6 14. Bxd6 Qxd6 15. Ne5 g5 16. f4 gxf4 17. Rf1 Nd7 ({RR} 17... fxe3 18. Rxf6 exd2 ({RR} 18... gxf6 19. Qg4+ Kh7 20. Rf1) 19. Rf4 ({RR} 19. Qh5 gxf6 20. Qg4+ Kh8 21. Qh4+ Kg7 22. Ng4 ({RR} 22. Qg3+) 22... Qf4) ({RR} 19. Rdf1 Ba6 20. Qh5 d1=Q ({RR} 20... gxf6 21. Qg4+ Kh8 22. Rf4 Bd3 23. Nxd3 d1=Q+ 24. Qxd1 Rg8 25. Ne5 Kg7 26. Rxf6) ({RR} 20... Bxf1 21. Nxf7 Rxf7 22. Qxf7+ Kh8 ({RR} 22... Kh7 23. Qg6+)) 21. Rxd1 gxf6 22. Qg4+ Kh7 23. Qh4+ Kg7) 19... f6 20. Ng6) 18. Qh5 ({RR} 18. Nxd7 Qxd7 19. Rxf4) 18... Nf6 19. Qh4 Qd8 ({RR} 19... Nh7 20. Rxf4 ({RR} 20. exf4)) 20. Rxf4 Ne4 ({RR} 20... cxd4 21. exd4 Ne4 22. Qg4 f5 23. Qg6 Rf6 24. Qh5 Qe8 25. Qxe8+ Rxe8 26. Nxe4) 21. Nxe4 Qxh4 22. Rxh4 dxe4 23. dxc5 bxc5 24. Rd7 Rab8 25. b3 {1-0 Carlsen,M (2844)-Tomashevsky,E (2728) Tata Steel-A 78th 2016 (6)}) 11. exd4 Bd6 12. Ne5 Qe7 $146 ({RR} 12... Ne7 13. Bh2 Ng6 14. f4 Ne8 15. Rae1 Bc8 16. g4 f5 17. Nxg6 hxg6 18. g5 Bc7 19. Nf3 Nd6 20. Ne5 Kh7 21. h4 Ne4 {½-½ Ferreira,T (2085)-Correa,J (1865) 9th Floripa Open 2023 (7.60)}) ({RR} 12... Ne7 13. Bh2 Ng6 14. f4 Ne8 15. Rae1 Bc8 16. g4 f5 17. Nxg6 hxg6 18. g5 Bc7 19. Nf3 Nd6 20. Ne5 Kh7 21. h4 Ne4 {½-½ Ferreira,T (2085)-Correa,J (1865) 9th Floripa Open 2023 (7.60)}) 13. Rfe1 Rfe8 14. Bg5 h6 15. Bh4 g5 16. Bg3 Qf8 17. Qf3 Qg7 18. Bb5 Bxe5 19. Bxc6 Bxg3 20. Bxe8 Bf4 21. Bxf7+ Qxf7 22. Nf1 Re8 23. a4 Ne4 24. a5 b5 25. a6 Bc6 26. g3 Bc7 27. Qxf7+ Kxf7 28. Kg2 h5 29. f3 Nd6 30. b3 Bb6 31. Ne3 Rc8 32. Nc2 Be8 33. Re3 Nf5 34. Rd3 Kf6 35. Na3 Bg6 36. Rad1 Nd6 37. Re3 Ba5 38. Rde1 Bf7 39. b4 Bc7 40. g4 Bb8 41. Nb1 Rc6 42. Nd2 Nc4 43. Nxc4 dxc4 44. h4 gxh4 45. Kh3 hxg4+ 46. fxg4 Rc8 47. Rf3+ Kg6 48. Ref1 Rf8 49. Rf6+ Kg7 50. g5 Bd6 51. d5 Be5 52. dxe6 Bxf6 53. gxf6+ Kg8 54. exf7+ Rxf7 55. Kxh4 1/2-1/2